000 01105nam0a2200313 4500
001 RU\NLR\bibl\1052596
005 20260406140145.0
010 _a5-699-18883-5
_98000
021 _aRU
_b2007-90
_94
035 _a(NLR Aleph) 001039903
090 _a812006
_c812006
100 _a20070301d2006 |||y0rusy50 ca
101 0 _arus
102 _aRU
105 _aa |||||||||
200 1 _aКапустная диета
_f[сост. Г.С. Выдревич]
210 _aСанкт-Петербург
_cТерция
_aМосква
_cЭксмо
_d2006
215 _a61,[2] с.
_cил.
_d17
225 1 _aОчень просто!
606 1 _aВес тела
_xВлияние капусты
_92464399
_3RU\NLR\auth\661464107
606 1 _aБлюда из капусты
_xРецептура
_91257614
_3RU\NLR\auth\66515862
686 _aР123.813.3-0
686 _aЛ996.5
702 1 _4220
_8rus
_7ca
_aВыдревич
_bГ. С.
_gГалина Сергеевна
_3RU\NLR\auth\772882
_9112889
801 0 _aRU
_bNLR
_c20070301
_gRCR
801 1 _aRU
_bNLR
_c20070301
942 _cBOOK
980 _aNB